000 00523nam a2200181 i 4500
001 146248
003 ES-MaACL
005 20230906201451.0
007 t|
008 070905s1976 sp ||||1| spa d
245 0 3 _aLa transición del esclavismo al feudalismo /
_cMarc Bloch, Moses J. Finley, E.V. Gutnova.
250 _a[2ª ed.].
260 _a[Madrid] :
_bAkal,
_c[1976]
300 _a222 p. ;
_c22 cm.
700 1 _aGutnova, E. V.
_961247
700 0 _aBloch, Marc.
_929514
852 _aES-MaACL
_jA-9483
_bR.98109
999 _c146248
_d146248